[Event "18. Open de Sants Hostafrancs 2016"]
[Site "Barcelona ESP"]
[Date "2016.08.19"]
[Round "1.76"]
[White "Vidarte Morales, Arturo"]
[Black "Guzman, Manuel"]
[Result "1-0"]
[WhiteElo "2324"]
[BlackElo "2000"]
[PlyCount "91"]
[EventDate "2016.08.19"]
[EventType "swiss"]
[EventRounds "10"]
[EventCountry "ESP"]
[SourceTitle "Ajedrez en Madrid"]
[Source "lmi"]
[SourceDate "2016.08.19"]

1. d4 Nf6 2. c4 e6 3. Nc3 d5 4. Bg5 Be7 5. e3 O-O 6. Nf3 b6 7. Rc1 Bb7 8. Bxf6
Bxf6 9. cxd5 exd5 10. b4 a6 11. Qb3 c6 12. Bd3 Re8 13. O-O Nd7 14. a4 b5 15.
Rfd1 Nb6 16. a5 Nc4 17. e4 g6 18. Qb1 Na3 19. Qa2 Nc4 20. h3 Bg7 21. e5 Bc8 22.
Rb1 Be6 23. Ne2 Ra7 24. Nc1 f6 25. Re1 Rf7 26. exf6 Bxf6 27. Nb3 Rfe7 28. Re2
Bc8 29. Rbe1 Qd6 30. Nc5 Kg7 31. Qc2 Qf4 32. Rxe7+ Rxe7 33. Rxe7+ Bxe7 34. Qe2
Qd6 35. Ne5 Bf6 36. f4 Qc7 37. g4 Nxe5 38. dxe5 Be7 39. Qe3 Kg8 40. f5 gxf5 41.
gxf5 Bxc5 42. bxc5 Qxa5 43. e6 Qa1+ 44. Bf1 Qg7+ 45. Kh1 Qf6 46. Qg3+ 1-0

[Event "18. Open de Sants Hostafrancs 2016"]
[Site "Barcelona ESP"]
[Date "2016.08.19"]
[Round "1.77"]
[White "Alcala Valiente, Juan Carlos"]
[Black "Vehi Bach, Victor Manuel"]
[Result "0-1"]
[WhiteElo "1998"]
[BlackElo "2318"]
[PlyCount "30"]
[EventDate "2016.08.19"]
[EventType "swiss"]
[EventRounds "10"]
[EventCountry "ESP"]
[SourceTitle "Ajedrez en Madrid"]
[Source "lmi"]
[SourceDate "2016.08.19"]

1. b3 e5 2. Bb2 Nc6 3. e3 g6 4. Bb5 Bg7 5. d4 exd4 6. Bxc6 dxc6 7. Bxd4 Nf6 8.
Qc1 c5 9. Be5 O-O 10. Qb2 Re8 11. Bc3 b5 12. b4 cxb4 13. Qxb4 Nd5 14. Qc5 Nxc3
15. Nxc3 Qe7 0-1

[Event "18. Open de Sants Hostafrancs 2016"]
[Site "Barcelona ESP"]
[Date "2016.08.19"]
[Round "1.78"]
[White "Hernando Rodrigo, Julio Antoni"]
[Black "Sole Pijuan, Ferran"]
[Result "1/2-1/2"]
[WhiteElo "2318"]
[BlackElo "1998"]
[PlyCount "90"]
[EventDate "2016.08.19"]
[EventType "swiss"]
[EventRounds "10"]
[EventCountry "ESP"]
[SourceTitle "Ajedrez en Madrid"]
[Source "lmi"]
[SourceDate "2016.08.19"]

1. d4 d5 2. c4 c6 3. Nf3 Nf6 4. e3 Bf5 5. Nc3 a6 6. Bd3 Bxd3 7. Qxd3 e6 8. O-O
Bb4 9. Bd2 O-O 10. a3 Ba5 11. b4 Bc7 12. e4 dxe4 13. Nxe4 Nxe4 14. Qxe4 Nd7 15.
Bg5 Nf6 16. Qc2 a5 17. Rad1 Bd6 18. Ne5 axb4 19. axb4 Be7 20. Rd3 Nd7 21. Rh3
g6 22. Bh6 Re8 23. Qe4 Nxe5 24. dxe5 Bxb4 25. Rb3 c5 26. Qf4 Ra3 27. Bg5 Rxb3
28. Bxd8 Rxd8 29. h4 h5 30. Ra1 Ra3 31. Rb1 Rd7 32. g3 Rc3 33. Ra1 Ra3 34. Rb1
Rc3 35. Qf6 b6 36. Ra1 Ba5 37. g4 Rxc4 38. gxh5 Rg4+ 39. Kh1 Rdd4 40. hxg6
Rxh4+ 41. Kg2 Rhg4+ 42. Kf3 Rxg6 43. Qe7 Rd3+ 44. Kf4 Rd4+ 45. Kf3 Kg7 1/2-1/2

[Event "18. Open de Sants Hostafrancs 2016"]
[Site "Barcelona ESP"]
[Date "2016.08.20"]
[Round "2.1"]
[White "Sasikiran, Krishnan"]
[Black "Vidal Zamora, Alex"]
[Result "1/2-1/2"]
[WhiteElo "2658"]
[BlackElo "2291"]
[PlyCount "154"]
[EventDate "2016.08.19"]
[EventType "swiss"]
[EventRounds "10"]
[EventCountry "ESP"]
[SourceTitle "Ajedrez en Madrid"]
[Source "lmi"]
[SourceDate "2016.08.19"]

1. d4 Nf6 2. c4 e6 3. Nc3 Bb4 4. Qc2 d5 5. cxd5 exd5 6. Bg5 O-O 7. e3 Re8 8.
Bd3 h6 9. Bh4 Nbd7 10. Nge2 c6 11. O-O Bd6 12. Bg3 Nf8 13. Rae1 Nh5 14. Bxd6
Qxd6 15. Nc1 Nf6 16. f3 Ne6 17. Nb3 Bd7 18. a3 b6 19. Qd2 Rad8 20. Bb1 Bc8 21.
Rd1 Ba6 22. Rfe1 Bc4 23. Nc1 c5 24. N1e2 Qb8 25. Bf5 Re7 26. b4 cxd4 27. Nxd4
Nxd4 28. exd4 Rde8 29. g3 Qd6 30. Rxe7 Qxe7 31. Kf2 Kf8 32. Re1 Qxe1+ 33. Qxe1
Rxe1 34. Kxe1 Ke7 35. Kf2 Kd6 36. h4 a5 37. bxa5 bxa5 38. Ke3 Ne8 39. Bc2 Nc7
40. Ba4 g5 41. hxg5 hxg5 42. f4 gxf4+ 43. Kxf4 Ne6+ 44. Ke3 Nc7 45. Bc2 Ke6 46.
Kf4 Kf6 47. Bf5 Ke7 48. Bg4 f6 49. Bd1 Nb5 50. Nxb5 Bxb5 51. Bb3 Ke6 52. Bc2
Ke7 53. Kf5 Bd7+ 54. Kg6 Be8+ 55. Kg7 Bd7 56. Bd1 Bf5 57. Bf3 Be4 58. Bg4 Bd3
59. Bc8 Bc2 60. g4 Bd1 61. Kg6 Bc2+ 62. Bf5 Bd1 63. g5 fxg5 64. Kxg5 Ba4 65.
Bg4 Bc2 66. Bf5 Ba4 67. Bd3 Bd7 68. Be2 Bh3 69. Bf3 Ke6 70. Bh5 Ke7 71. Bg6 Bd7
72. Bh7 Kf7 73. Bf5 Ba4 74. Bd3 Bd7 75. Bh7 Ba4 76. Bg6+ Ke7 77. Bd3 Bd7
1/2-1/2

[Event "18. Open de Sants Hostafrancs 2016"]
[Site "Barcelona ESP"]
[Date "2016.08.20"]
[Round "2.2"]
[White "Herrera Reyes, Jose Antonio"]
[Black "Bachmann, Axel"]
[Result "0-1"]
[WhiteElo "2290"]
[BlackElo "2656"]
[PlyCount "98"]
[EventDate "2016.08.19"]
[EventType "swiss"]
[EventRounds "10"]
[EventCountry "ESP"]
[SourceTitle "Ajedrez en Madrid"]
[Source "lmi"]
[SourceDate "2016.08.19"]

1. Nf3 d5 2. g3 c6 3. Bg2 Bg4 4. c4 e6 5. O-O Nd7 6. d3 dxc4 7. dxc4 Ngf6 8.
Bf4 Be7 9. Nbd2 O-O 10. Qc2 Bf5 11. Qc3 a5 12. Rad1 Bb4 13. Qc1 a4 14. e4 Bxd2
15. Nxd2 Bg4 16. f3 e5 17. Be3 Be6 18. b4 axb3 19. axb3 Qa5 20. Qb2 Qb4 21. Ra1
h5 22. Rxa8 Rxa8 23. Ra1 Rxa1+ 24. Qxa1 Ne8 25. Qa8 Kf8 26. f4 f6 27. Qd8 exf4
28. gxf4 Nc5 29. e5 Nxb3 30. exf6 gxf6 31. f5 Bf7 32. Nf3 Bxc4 33. Bh6+ Kf7 34.
Qd1 Qc5+ 35. Kh1 Qxf5 36. Nh4 Qg4 37. Nf3 Bd5 38. h3 Qf5 39. Kh2 Ng7 40. Be3
Ne6 41. Kg1 Ke8 42. Qe2 Kd7 43. Nh4 Qb1+ 44. Kh2 Bxg2 45. Nxg2 Qf5 46. Qd1+ Qd5
47. Qb1 Qe5+ 48. Bf4 Nxf4 49. Qxb3 Ne2+ 0-1

[Event "18. Open de Sants Hostafrancs 2016"]
[Site "Barcelona ESP"]
[Date "2016.08.20"]
[Round "2.3"]
[White "Fier, Alexandr"]
[Black "Alanic, Xavier"]
[Result "1-0"]
[WhiteElo "2627"]
[BlackElo "2289"]
[PlyCount "81"]
[EventDate "2016.08.19"]
[EventType "swiss"]
[EventRounds "10"]
[EventCountry "ESP"]
[SourceTitle "Ajedrez en Madrid"]
[Source "lmi"]
[SourceDate "2016.08.19"]

1. d4 Nf6 2. c4 c5 3. Nf3 cxd4 4. Nxd4 Nc6 5. Nc3 g6 6. g3 Bg7 7. Bg2 O-O 8.
O-O Nxd4 9. Qxd4 d6 10. Qd3 Bf5 11. e4 Bd7 12. Bd2 Rc8 13. b3 Bc6 14. Rac1 Nd7
15. Qe2 a5 16. Rfd1 b6 17. Bg5 h6 18. Bf4 Qc7 19. Bh3 Qb7 20. Nd5 Rfe8 21. Bg2
Kh7 22. h4 Nc5 23. Re1 e6 24. Nc3 d5 25. h5 dxc4 26. hxg6+ fxg6 27. bxc4 Rcd8
28. Red1 Rxd1+ 29. Qxd1 e5 30. Be3 Nxe4 31. Nxe4 Bxe4 32. Bxe4 Qxe4 33. Bxb6
Qc6 34. c5 Re6 35. Bxa5 e4 36. Bd2 e3 37. Bxe3 Re5 38. Qf1 Re8 39. Qg2 Qa4 40.
c6 Bb2 41. Qd5 1-0

[Event "18. Open de Sants Hostafrancs 2016"]
[Site "Barcelona ESP"]
[Date "2016.08.20"]
[Round "2.4"]
[White "Iglesias, Joachim"]
[Black "Ma, Qun"]
[Result "0-1"]
[WhiteElo "2286"]
[BlackElo "2621"]
[PlyCount "40"]
[EventDate "2016.08.19"]
[EventType "swiss"]
[EventRounds "10"]
[EventCountry "ESP"]
[SourceTitle "Ajedrez en Madrid"]
[Source "lmi"]
[SourceDate "2016.08.19"]

1. d4 d5 2. Nf3 c6 3. c4 Nf6 4. e3 Bf5 5. cxd5 cxd5 6. Qb3 Qc7 7. Bd2 a6 8. Na3
Nc6 9. Rc1 e6 10. Ne5 Bd6 11. Nxc6 bxc6 12. Qa4 O-O 13. Be2 Ne4 14. Ba5 Qe7 15.
Rxc6 Rab8 16. Rxd6 Qxd6 17. b3 e5 18. dxe5 Qxe5 19. O-O Qb2 20. Bxa6 Nc5 0-1

[Event "18. Open de Sants Hostafrancs 2016"]
[Site "Barcelona ESP"]
[Date "2016.08.20"]
[Round "2.5"]
[White "Cori, Jorge"]
[Black "Keller, Peter"]
[Result "1-0"]
[WhiteElo "2601"]
[BlackElo "2286"]
[PlyCount "73"]
[EventDate "2016.08.19"]
[EventType "swiss"]
[EventRounds "10"]
[EventCountry "ESP"]
[SourceTitle "Ajedrez en Madrid"]
[Source "lmi"]
[SourceDate "2016.08.19"]

1. c4 e5 2. g3 Nf6 3. Bg2 c6 4. Nf3 e4 5. Nd4 Qb6 6. e3 d5 7. Nc3 Nbd7 8. cxd5
cxd5 9. d3 Nc5 10. dxe4 dxe4 11. O-O Be7 12. Qc2 O-O 13. Bd2 Re8 14. a4 Bd7 15.
a5 Qd8 16. Nxe4 Ncxe4 17. Bxe4 Nxe4 18. Qxe4 Rb8 19. Bc3 Bf6 20. Qd3 Bh3 21.
Rfe1 Qd7 22. f3 Rbd8 23. Rad1 a6 24. Qc4 Rc8 25. Qb3 Bxd4 26. Rxd4 Qc6 27. Qd1
Be6 28. Kf2 Qb5 29. h4 h6 30. Qd2 Qc6 31. Rd6 Qc5 32. g4 Rc6 33. Rxc6 bxc6 34.
Rg1 Qe7 35. g5 Rd8 36. Qe2 Qd6 37. f4 1-0

[Event "18. Open de Sants Hostafrancs 2016"]
[Site "Barcelona ESP"]
[Date "2016.08.20"]
[Round "2.6"]
[White "Saravanan, V."]
[Black "Timofeev, Artyom"]
[Result "0-1"]
[WhiteElo "2281"]
[BlackElo "2596"]
[PlyCount "48"]
[EventDate "2016.08.19"]
[EventType "swiss"]
[EventRounds "10"]
[EventCountry "ESP"]
[SourceTitle "Ajedrez en Madrid"]
[Source "lmi"]
[SourceDate "2016.08.19"]

1. Nf3 Nf6 2. c4 e6 3. Nc3 d5 4. d4 c6 5. e3 Nbd7 6. Qc2 Bd6 7. Bd3 dxc4 8.
Bxc4 O-O 9. O-O a6 10. a4 c5 11. dxc5 Bxc5 12. Rd1 b6 13. b3 Bb7 14. Bb2 Qe7
15. Qe2 Ng4 16. Bd3 f5 17. Bc2 Rac8 18. h3 Bxf3 19. Qxf3 Nde5 20. Qe2 Qh4 21.
hxg4 Nxg4 22. Qf3 f4 23. Rd4 Qh2+ 24. Kf1 Nxe3+ 0-1

[Event "18. Open de Sants Hostafrancs 2016"]
[Site "Barcelona ESP"]
[Date "2016.08.20"]
[Round "2.7"]
[White "Kunin, Vitaly"]
[Black "Flick, Antoine"]
[Result "1-0"]
[WhiteElo "2592"]
[BlackElo "2282"]
[PlyCount "67"]
[EventDate "2016.08.19"]
[EventType "swiss"]
[EventRounds "10"]
[EventCountry "ESP"]
[SourceTitle "Ajedrez en Madrid"]
[Source "lmi"]
[SourceDate "2016.08.19"]

1. d4 d5 2. c4 c6 3. e3 Nf6 4. Bd3 e5 5. Nc3 e4 6. Bc2 Bd6 7. f3 O-O 8. fxe4
Nxe4 9. Bxe4 dxe4 10. Nxe4 Qh4+ 11. Nf2 Qg5 12. Nf3 Bb4+ 13. Kf1 Qg6 14. Qd3
Qh5 15. b3 Rd8 16. Bb2 b5 17. cxb5 a5 18. h3 Bb7 19. g4 Qh6 20. Kg2 Nd7 21. e4
cxb5 22. Qxb5 Rab8 23. Qf5 g6 24. Qg5 Qxg5 25. Nxg5 Re8 26. d5 Nc5 27. Rad1 h6
28. h4 f5 29. a3 hxg5 30. hxg5 fxe4 31. Rh8+ Kf7 32. Rh7+ Kf8 33. Rf1 Ba6 34.
Nd3+ 1-0

[Event "18. Open de Sants Hostafrancs 2016"]
[Site "Barcelona ESP"]
[Date "2016.08.20"]
[Round "2.8"]
[White "Sandipan, Chanda"]
[Black "Hernandez, Ivan"]
[Result "1-0"]
[WhiteElo "2572"]
[BlackElo "2279"]
[PlyCount "53"]
[EventDate "2016.08.19"]
[EventType "swiss"]
[EventRounds "10"]
[EventCountry "ESP"]
[SourceTitle "Ajedrez en Madrid"]
[Source "lmi"]
[SourceDate "2016.08.19"]

1. d4 d5 2. Nf3 Nf6 3. Bf4 c5 4. e3 Nc6 5. Nbd2 e6 6. c3 Bd6 7. Bg3 O-O 8. Bb5
Ne7 9. Bd3 Nf5 10. Bxd6 Qxd6 11. Ne5 b6 12. g4 Ne7 13. g5 Nd7 14. f4 a5 15. Rg1
Ba6 16. Bc2 Nf5 17. Qf3 Rac8 18. Qh3 cxd4 19. exd4 Nxe5 20. fxe5 Qd7 21. Rg4
Bb5 22. Rf4 g6 23. Bxf5 exf5 24. Qh6 Rfe8 25. Rh4 f6 26. gxf6 Rc7 27. Kf2 1-0

[Event "18. Open de Sants Hostafrancs 2016"]
[Site "Barcelona ESP"]
[Date "2016.08.20"]
[Round "2.9"]
[White "Ortiz Suarez, Isan Reynaldo"]
[Black "Montilli, Vincenzo"]
[Result "1-0"]
[WhiteElo "2564"]
[BlackElo "2270"]
[PlyCount "85"]
[EventDate "2016.08.19"]
[EventType "swiss"]
[EventRounds "10"]
[EventCountry "ESP"]
[SourceTitle "Ajedrez en Madrid"]
[Source "lmi"]
[SourceDate "2016.08.19"]

1. Nf3 Nf6 2. c4 c5 3. Nc3 Nc6 4. d4 cxd4 5. Nxd4 g6 6. e4 d6 7. Be2 Bg7 8. Be3
O-O 9. O-O Bd7 10. f4 Nxd4 11. Bxd4 Bc6 12. Bf3 a5 13. Qe2 Nd7 14. Bxg7 Kxg7
15. Rae1 a4 16. Kh1 e5 17. Qd2 Qe7 18. f5 Nc5 19. Bd1 f6 20. b4 axb3 21. axb3
Na6 22. Re3 Nc7 23. Rh3 gxf5 24. exf5 Kh8 25. Bf3 Rg8 26. Bxc6 bxc6 27. Rd3
Rad8 28. Rd1 Qg7 29. Qf2 Qe7 30. Qb6 e4 31. R3d2 Qe5 32. Qxc7 Qxc3 33. Rxd6
Rxd6 34. Qxd6 Qb2 35. Rg1 e3 36. Qxc6 e2 37. Qe6 Rd8 38. Qe7 Ra8 39. h3 Kg8 40.
Kh2 Ra2 41. Qe3 Kf8 42. Re1 h5 43. c5 1-0

[Event "18. Open de Sants Hostafrancs 2016"]
[Site "Barcelona ESP"]
[Date "2016.08.20"]
[Round "2.10"]
[White "Buchenau, Frank"]
[Black "Gomez Garrido, Camilo Ernesto"]
[Result "0-1"]
[WhiteElo "2268"]
[BlackElo "2560"]
[PlyCount "52"]
[EventDate "2016.08.19"]
[EventType "swiss"]
[EventRounds "10"]
[EventCountry "ESP"]
[SourceTitle "Ajedrez en Madrid"]
[Source "lmi"]
[SourceDate "2016.08.19"]

1. e4 c5 2. Nf3 d6 3. Bb5+ Nd7 4. O-O a6 5. Bd3 Ngf6 6. Re1 g6 7. c3 Bg7 8. Bc2
b5 9. d4 cxd4 10. cxd4 Bb7 11. e5 dxe5 12. dxe5 Nd5 13. e6 fxe6 14. Ng5 Nc5 15.
Nxh7 Qd6 16. Bxg6+ Kd7 17. g3 e5 18. Qg4+ Kc7 19. Nd2 Bc8 20. Qg5 Ne6 21. Qf5
Nc5 22. Qb1 Bb7 23. Ng5 Raf8 24. Nde4 Nxe4 25. Bxe4 Qb6 26. Qd3 Qxf2+ 0-1

[Event "18. Open de Sants Hostafrancs 2016"]
[Site "Barcelona ESP"]
[Date "2016.08.20"]
[Round "2.11"]
[White "Jakubowski, Krzysztof"]
[Black "Guerrero Sanmarti, Richard"]
[Result "1-0"]
[WhiteElo "2548"]
[BlackElo "2255"]
[PlyCount "71"]
[EventDate "2016.08.19"]
[EventType "swiss"]
[EventRounds "10"]
[EventCountry "ESP"]
[SourceTitle "Ajedrez en Madrid"]
[Source "lmi"]
[SourceDate "2016.08.19"]

1. c4 e6 2. d4 d5 3. Nc3 Nf6 4. Bg5 Nbd7 5. e3 c6 6. Nf3 Qa5 7. Nd2 Bb4 8. Qc1
Ne4 9. Ndxe4 dxe4 10. Bh4 e5 11. a3 Bxc3+ 12. Qxc3 Qxc3+ 13. bxc3 O-O 14. a4 c5
15. Be2 b6 16. a5 Bb7 17. d5 f5 18. f3 exf3 19. gxf3 f4 20. e4 h6 21. Kd2 g5
22. Bf2 Kh7 23. h4 gxh4 24. Bxh4 Rg8 25. Bf1 Rg7 26. Bh3 Rag8 27. axb6 axb6 28.
Bf5+ Kh8 29. Ra7 Ra8 30. Rxa8+ Bxa8 31. Bxd7 Rxd7 32. Bf6+ Kh7 33. Bxe5 b5 34.
Bxf4 bxc4 35. Rxh6+ Kg7 36. Rb6 1-0

[Event "18. Open de Sants Hostafrancs 2016"]
[Site "Barcelona ESP"]
[Date "2016.08.20"]
[Round "2.12"]
[White "Taylor, Adam C"]
[Black "Moussard, Jules"]
[Result "1/2-1/2"]
[WhiteElo "2256"]
[BlackElo "2539"]
[PlyCount "50"]
[EventDate "2016.08.19"]
[EventType "swiss"]
[EventRounds "10"]
[EventCountry "ESP"]
[SourceTitle "Ajedrez en Madrid"]
[Source "lmi"]
[SourceDate "2016.08.19"]

1. d4 Nf6 2. c4 e6 3. Nf3 b6 4. g3 Bb7 5. Bg2 Be7 6. O-O O-O 7. Nc3 Ne4 8. Qc2
f5 9. Ne5 d5 10. cxd5 exd5 11. Qb3 Kh8 12. Nxe4 fxe4 13. Bf4 Nd7 14. Rad1 Bd6
15. Nxd7 Qxd7 16. Bxd6 Qxd6 17. f3 Rfe8 18. fxe4 dxe4 19. Rf4 Bd5 20. Qc2 c6
21. e3 Rac8 22. Rdf1 h6 23. Bxe4 Rxe4 24. Rxe4 Qg6 25. Rff4 Kh7 1/2-1/2

[Event "18. Open de Sants Hostafrancs 2016"]
[Site "Barcelona ESP"]
[Date "2016.08.20"]
[Round "2.13"]
[White "Zeng, Chongsheng"]
[Black "Hess, Max"]
[Result "1-0"]
[WhiteElo "2538"]
[BlackElo "2252"]
[PlyCount "72"]
[EventDate "2016.08.19"]
[EventType "swiss"]
[EventRounds "10"]
[EventCountry "ESP"]
[SourceTitle "Ajedrez en Madrid"]
[Source "lmi"]
[SourceDate "2016.08.19"]

1. d4 Nf6 2. c4 g6 3. Nc3 Bg7 4. e4 d6 5. Bd3 O-O 6. Nge2 c5 7. d5 e6 8. Bg5
exd5 9. exd5 Nbd7 10. f4 a6 11. a4 Re8 12. O-O Qe7 13. Ng3 h6 14. Bh4 Nf8 15.
Nce4 N8h7 16. Kh1 Qf8 17. Bxf6 Nxf6 18. f5 Nxe4 19. Bxe4 Rxe4 20. Nxe4 Bxf5 21.
Ng3 Bd7 22. Qb3 Rb8 23. Qb6 Be5 24. Ne4 Bf5 25. Rae1 Qe7 26. Ng3 Kg7 27. Kg1 h5
28. Qb3 b5 29. cxb5 axb5 30. a5 Qa7 31. Rxe5 dxe5 32. Qe3 Re8 33. b4 Qa8 34.
Qxc5 Rd8 35. Rd1 Be6 36. Qxb5 Bxd5 1-0

[Event "18. Open de Sants Hostafrancs 2016"]
[Site "Barcelona ESP"]
[Date "2016.08.20"]
[Round "2.14"]
[White "Jaksland, Tim"]
[Black "Cruz, Cristhian"]
[Result "0-1"]
[WhiteElo "2253"]
[BlackElo "2533"]
[PlyCount "84"]
[EventDate "2016.08.19"]
[EventType "swiss"]
[EventRounds "10"]
[EventCountry "ESP"]
[SourceTitle "Ajedrez en Madrid"]
[Source "lmi"]
[SourceDate "2016.08.19"]

1. Nf3 c5 2. c4 Nc6 3. g3 g6 4. Bg2 Bg7 5. Nc3 e6 6. d3 Nge7 7. Bg5 h6 8. Bd2
d5 9. a3 O-O 10. Rb1 b6 11. Qc1 Kh7 12. b4 cxb4 13. axb4 dxc4 14. dxc4 Bb7 15.
O-O Nf5 16. e3 Rc8 17. c5 bxc5 18. bxc5 Ba8 19. Rd1 Qe7 20. Qa3 Rfd8 21. Nb5
Rb8 22. e4 Nfd4 23. Nfxd4 Nxd4 24. Nxd4 Rxb1 25. Rxb1 Bxd4 26. Be3 e5 27. Rc1
Bc6 28. Bxd4 Rxd4 29. Qa6 Qd7 30. h4 Ra4 31. Qe2 a5 32. h5 g5 33. Rd1 Rd4 34.
Rxd4 exd4 35. Qf3 Kg7 36. Bf1 Qe7 37. Qd3 Qxe4 38. Qxe4 Bxe4 39. Bb5 Kf6 40. c6
Ke7 41. c7 Bf5 42. Ba6 a4 0-1

[Event "18. Open de Sants Hostafrancs 2016"]
[Site "Barcelona ESP"]
[Date "2016.08.20"]
[Round "2.15"]
[White "Grigoryan, Karen H"]
[Black "Chalmeta Ugas, Ramon"]
[Result "1-0"]
[WhiteElo "2533"]
[BlackElo "2249"]
[PlyCount "95"]
[EventDate "2016.08.19"]
[EventType "swiss"]
[EventRounds "10"]
[EventCountry "ESP"]
[SourceTitle "Ajedrez en Madrid"]
[Source "lmi"]
[SourceDate "2016.08.19"]

1. Nf3 Nf6 2. g3 g6 3. Bg2 Bg7 4. O-O O-O 5. c4 d5 6. cxd5 Nxd5 7. d4 Nc6 8.
Nc3 Nb6 9. e3 a6 10. Nh4 e5 11. d5 Ne7 12. e4 Nc4 13. Qe2 Nd6 14. f4 f6 15. Be3
b6 16. fxe5 fxe5 17. Rxf8+ Qxf8 18. Nf3 h6 19. Nd2 Bd7 20. a4 a5 21. Nc4 Nec8
22. b3 Kh7 23. Rc1 Ra7 24. Nd1 Nxc4 25. Qxc4 Nd6 26. Qe2 Qe7 27. Nf2 Bc8 28.
Qc2 Bd7 29. Bh3 Bxh3 30. Nxh3 Qd7 31. Kg2 Qg4 32. Nf2 Qd7 33. Qc6 Qd8 34. Rf1
h5 35. Nh3 Nxe4 36. Rf7 Qd6 37. Ng5+ Nxg5 38. Qxd6 Nxf7 39. Qd7 Nd6 40. Bxb6
Rb7 41. Bxa5 Nf5 42. b4 Ne3+ 43. Kf3 Nc4 44. Qc6 Nxa5 45. bxa5 Rb3+ 46. Ke2 e4
47. Qxc7 Rc3 48. d6 1-0

[Event "18. Open de Sants Hostafrancs 2016"]
[Site "Barcelona ESP"]
[Date "2016.08.20"]
[Round "2.16"]
[White "Ventura Bolet, Maxim"]
[Black "Alonso Rosell, Alvar"]
[Result "0-1"]
[WhiteElo "2250"]
[BlackElo "2524"]
[PlyCount "120"]
[EventDate "2016.08.19"]
[EventType "swiss"]
[EventRounds "10"]
[EventCountry "ESP"]
[SourceTitle "Ajedrez en Madrid"]
[Source "lmi"]
[SourceDate "2016.08.19"]

1. Nf3 c5 2. c4 g6 3. Nc3 Bg7 4. g3 Nc6 5. Bg2 d6 6. a3 Bf5 7. d3 Qd7 8. Nd5
Rc8 9. h3 Nf6 10. Rb1 O-O 11. e4 Be6 12. Be3 Rb8 13. Ng5 b5 14. O-O bxc4 15.
dxc4 Bxd5 16. exd5 Na5 17. Qc2 Nb3 18. Nf3 a5 19. Rfe1 a4 20. Bd2 Rb7 21. Bc3
Rfb8 22. g4 Ne8 23. Bxg7 Nxg7 24. Re2 e5 25. dxe6 Nxe6 26. Rd1 Nbd4 27. Nxd4
Nxd4 28. Rxd4 Rxb2 29. Qxb2 Rxb2 30. Rxb2 cxd4 31. Bd5 Qe8 32. Rb7 Qe1+ 33. Kg2
Kf8 34. Rxf7+ Ke8 35. Rf4 Qd2 36. Rf3 Qc2 37. Kg3 g5 38. h4 h6 39. hxg5 hxg5
40. Kg2 Ke7 41. Rg3 Qe2 42. Bf3 Qxc4 43. Be4 Qa2 44. Rd3 d5 45. Bf5 Kd6 46. Kg3
Ke5 47. Rf3 Qa1 48. Kg2 Kd6 49. Rd3 Kc5 50. Rf3 Kc4 51. Rd3 Qe1 52. Rf3 Qe2 53.
Rg3 Qd1 54. Rh3 d3 55. Rxd3 Qxd3 56. Bxd3+ Kxd3 57. f4 gxf4 58. g5 Ke2 59. g6
f3+ 60. Kg3 f2 0-1

[Event "18. Open de Sants Hostafrancs 2016"]
[Site "Barcelona ESP"]
[Date "2016.08.20"]
[Round "2.17"]
[White "Serra Pages, Jordi"]
[Black "Lin, Chen"]
[Result "0-1"]
[WhiteElo "2244"]
[BlackElo "2516"]
[PlyCount "74"]
[EventDate "2016.08.19"]
[EventType "swiss"]
[EventRounds "10"]
[EventCountry "ESP"]
[SourceTitle "Ajedrez en Madrid"]
[Source "lmi"]
[SourceDate "2016.08.19"]

1. d4 Nf6 2. c4 g6 3. Nc3 Bg7 4. e4 d6 5. Nf3 O-O 6. h3 c5 7. d5 e6 8. Bd3 exd5
9. exd5 Re8+ 10. Be3 Bh6 11. O-O Bxe3 12. fxe3 Qe7 13. e4 Nbd7 14. Nb5 Rf8 15.
Qe1 Ne8 16. Qg3 a6 17. Nc3 Ng7 18. Rae1 f6 19. a3 b6 20. b4 Ra7 21. Re2 Nh5 22.
Qh2 Ne5 23. Nxe5 fxe5 24. Rxf8+ Qxf8 25. bxc5 bxc5 26. Rf2 Qh6 27. g4 Qc1+ 28.
Bf1 Nf4 29. Ne2 Nxe2+ 30. Rxe2 Rf7 31. Qg2 Bd7 32. Rf2 Qe3 33. Be2 Ba4 34. Qf1
Bc2 35. Kg2 Bxe4+ 36. Bf3 Rxf3 37. Rxf3 Qc3 0-1

[Event "18. Open de Sants Hostafrancs 2016"]
[Site "Barcelona ESP"]
[Date "2016.08.20"]
[Round "2.18"]
[White "Wild, Achim"]
[Black "Delorme, Axel"]
[Result "0-1"]
[WhiteElo "2242"]
[BlackElo "2500"]
[PlyCount "42"]
[EventDate "2016.08.19"]
[EventType "swiss"]
[EventRounds "10"]
[EventCountry "ESP"]
[SourceTitle "Ajedrez en Madrid"]
[Source "lmi"]
[SourceDate "2016.08.19"]

1. Nf3 d5 2. e3 Nf6 3. c4 e6 4. b3 c5 5. Bb2 Nc6 6. cxd5 exd5 7. Bb5 Bd6 8. O-O
Bg4 9. Be2 O-O 10. d4 Re8 11. Nc3 a6 12. dxc5 Bxc5 13. Rc1 Ba7 14. Na4 Ne4 15.
Bxa6 bxa6 16. Rxc6 Ng5 17. Rxa6 Bxf3 18. gxf3 Qc8 19. f4 Nh3+ 20. Kg2 Qxa6 21.
Kxh3 Re6 0-1

[Event "18. Open de Sants Hostafrancs 2016"]
[Site "Barcelona ESP"]
[Date "2016.08.20"]
[Round "2.19"]
[White "Vera Siguenas, Deivy"]
[Black "Garcia Ramos, Daniel"]
[Result "1-0"]
[WhiteElo "2496"]
[BlackElo "2238"]
[PlyCount "123"]
[EventDate "2016.08.19"]
[EventType "swiss"]
[EventRounds "10"]
[EventCountry "ESP"]
[SourceTitle "Ajedrez en Madrid"]
[Source "lmi"]
[SourceDate "2016.08.19"]

1. e4 c5 2. Nf3 d6 3. d4 cxd4 4. Nxd4 Nf6 5. Nc3 g6 6. Be3 Bg7 7. f3 O-O 8. Qd2
Nc6 9. Bc4 Bd7 10. O-O-O Rc8 11. Bb3 Ne5 12. Kb1 Nc4 13. Bxc4 Rxc4 14. g4 Qb8
15. b3 Rc5 16. Nde2 Rc6 17. g5 Nh5 18. Nd5 Re8 19. Bd4 e5 20. Bb2 Be6 21. Ng3
Nxg3 22. hxg3 Bxd5 23. exd5 Rc7 24. Qh2 Qc8 25. g4 Kf8 26. Rd2 b5 27. Qe2 Qd8
28. Qe3 f6 29. Rxh7 fxg5 30. Qd3 Qf6 31. Qxb5 Qxf3 32. Ba3 Qf6 33. Rhh2 Rf7 34.
Rhf2 Qe7 35. Qb4 Rd8 36. Qe4 Rf4 37. Bb2 Qf6 38. Qe3 Rd7 39. a4 Rf7 40. Rg2 Qd8
41. Rde2 Qd7 42. Qd3 R7f6 43. Re4 Qf7 44. Bc1 Rxe4 45. Qxe4 Rf1 46. Kb2 Qf3 47.
Re2 Bf6 48. a5 Qg3 49. Be3 Kg7 50. c3 Bd8 51. b4 Rf7 52. Qg2 Qxg2 53. Rxg2 Rb7
54. Ka3 Bf6 55. c4 e4 56. b5 Bc3 57. a6 Rf7 58. Rf2 Rc7 59. Kb3 Be5 60. Ra2 Bf4
61. b6 axb6 62. a7 1-0